[Event "18th CRO-chT(b)"]
[Site "Sibenik CRO"]
[Date "2009.09.23"]
[Round "3.24"]
[White "Mufic, Goran"]
[Black "Orak, Ljubomir"]
[Result "1/2-1/2"]
[WhiteElo "2324"]
[BlackElo "2341"]
[PlyCount "42"]
[EventDate "2009.09.21"]
[EventType "team"]
[EventRounds "9"]
[EventCountry "CRO"]

1. d4 Nf6 2. Nf3 g6 3. Bg5 Bg7 4. c3 O-O 5. Nbd2 d6 6. e4 c5 7. dxc5 dxc5 8.
Bc4 Nc6 9. O-O Qc7 10. Re1 h6 11. Bh4 Nh5 12. Qc2 g5 13. Bg3 Nxg3 14. hxg3 Na5
15. Rad1 Bg4 16. Be2 Rad8 17. Nc4 Nxc4 18. Bxc4 Bxf3 19. gxf3 e6 20. Kg2 Rxd1
21. Rxd1 Rd8 1/2-1/2

[Event "18th CRO-chT(b)"]
[Site "Sibenik CRO"]
[Date "2009.09.23"]
[Round "3.25"]
[White "Novak, Ratko"]
[Black "Vlahov, Davor"]
[Result "1-0"]
[WhiteElo "2199"]
[BlackElo "2236"]
[PlyCount "131"]
[EventDate "2009.09.21"]
[EventType "team"]
[EventRounds "9"]
[EventCountry "CRO"]

1. d4 Nf6 2. c4 c6 3. Nc3 d5 4. cxd5 cxd5 5. Bg5 e6 6. Nf3 Qb6 7. Rb1 Ne4 8.
Qd3 Nxg5 9. Nxg5 Be7 10. h4 h6 11. Nf3 Nc6 12. e3 Bd7 13. Be2 Rc8 14. O-O Qd8
15. h5 a6 16. a3 O-O 17. e4 dxe4 18. Qxe4 Bd6 19. Bd3 f5 20. Qe3 Qe8 21. Bc4
Na5 22. Ba2 Nc4 23. Qe2 b5 24. Nh4 Nxa3 25. Ne4 fxe4 26. bxa3 Bc6 27. Ng6 Rf5
28. f4 Kh7 29. g4 Rf6 30. a4 b4 31. Rbc1 Bd5 32. Qxa6 Rd8 33. Bb1 Rxg6 34.
hxg6+ Qxg6 35. Qe2 Kg8 36. Rce1 Rf8 37. Bxe4 Bxe4 38. Qxe4 Qxg4+ 39. Qg2 Rxf4
40. Rxf4 Qxf4 41. Qa8+ Bf8 42. Qe4 Qg3+ 43. Kf1 Qh3+ 44. Kf2 Qh2+ 45. Ke3 Qg3+
46. Ke2 Qh3 47. Rf1 Bd6 48. Rf3 Qh2+ 49. Rf2 Qh3 50. Qf3 Qh4 51. Qf7+ Kh7 52.
Qxe6 Qxd4 53. Qf5+ Kg8 54. a5 Bc5 55. Rf3 Qb2+ 56. Kd3 Qc3+ 57. Ke2 Qb2+ 58.
Kd3 Qc3+ 59. Ke2 Qb2+ 60. Kf1 Qc1+ 61. Kg2 Qg1+ 62. Kh3 Qh1+ 63. Kg4 Qg1+ 64.
Rg3 Qd4+ 65. Kh3 Ba7 66. Rd3 1-0

[Event "18th CRO-chT(b)"]
[Site "Sibenik CRO"]
[Date "2009.09.23"]
[Round "3.26"]
[White "Sikanjic, Bojan"]
[Black "Vujec, Ivan"]
[Result "1/2-1/2"]
[WhiteElo "2170"]
[BlackElo "1977"]
[PlyCount "66"]
[EventDate "2009.09.21"]
[EventType "team"]
[EventRounds "9"]
[EventCountry "CRO"]

1. c4 Nf6 2. Nc3 c5 3. Nf3 Nc6 4. g3 g6 5. Bg2 d6 6. O-O Bg7 7. d4 cxd4 8. Nxd4
Nxd4 9. Qxd4 O-O 10. Qd2 Rb8 11. b3 a6 12. a4 Bd7 13. Bb2 b5 14. cxb5 axb5 15.
a5 b4 16. Nd5 Nxd5 17. Bxg7 Kxg7 18. Qxd5 Bb5 19. Rfe1 Ba6 20. Qd4+ e5 21. Qa7
Bb5 22. Bd5 Re8 23. Qxf7+ Kh8 24. Rac1 Rf8 25. Qa7 Rc8 26. Qb6 Rxc1 27. Rxc1
Qg5 28. Qe3 Qg4 29. Rc7 Qf5 30. Qa7 Qh3 31. Qe3 Qf5 32. Qa7 Qh3 33. Qe3 Qf5
1/2-1/2

[Event "18th CRO-chT(b)"]
[Site "Sibenik CRO"]
[Date "2009.09.23"]
[Round "3.31"]
[White "Stevic, Hrvoje"]
[Black "Martinovic, Sasa"]
[Result "1-0"]
[WhiteElo "2624"]
[BlackElo "2516"]
[PlyCount "107"]
[EventDate "2009.09.21"]
[EventType "team"]
[EventRounds "9"]
[EventCountry "CRO"]

1. g3 e5 2. d4 exd4 3. Nf3 d5 4. Nxd4 Nf6 5. Bg2 Be7 6. O-O O-O 7. Bf4 Re8 8.
Nc3 c6 9. Re1 Bg4 10. h3 Bh5 11. Nf5 Bc5 12. g4 Bg6 13. e4 dxe4 14. Qxd8 Rxd8
15. Nxe4 Nxe4 16. Rxe4 Bxf5 17. gxf5 Nd7 18. b4 Bf8 19. Rd1 Nf6 20. Red4 Rxd4
21. Rxd4 a6 22. Kf1 Re8 23. a4 Be7 24. c3 Kf8 25. Bf3 Rd8 26. Rxd8+ Bxd8 27. c4
Ke7 28. Ke2 Kd7 29. Kd3 Bc7 30. Be3 Ne8 31. Bd4 f6 32. c5 Bf4 33. Bd1 Nc7 34.
Bb3 Ke7 35. Bg8 h6 36. Bc3 Kd7 37. Ke4 Bc1 38. Bc4 Ke7 39. Kd3 Bf4 40. Ke4 Bc1
41. Kd3 Bf4 42. Bd2 Bxd2 43. Kxd2 Kd7 44. Ke3 Ke7 45. Kf4 Kd7 46. Kg4 a5 47. b5
cxb5 48. axb5 a4 49. Kh5 Ke7 50. b6 Ne8 51. Kg6 a3 52. h4 h5 53. Kxh5 Kd7 54.
Bd5 1-0

[Event "18th CRO-chT(b)"]
[Site "Sibenik CRO"]
[Date "2009.09.23"]
[Round "3.32"]
[White "Gagarin, Vasilij"]
[Black "Pinter, Jozsef"]
[Result "1/2-1/2"]
[WhiteElo "2422"]
[BlackElo "2569"]
[PlyCount "40"]
[EventDate "2009.09.21"]
[EventType "team"]
[EventRounds "9"]
[EventCountry "CRO"]

1. d4 Nf6 2. c4 e6 3. Nf3 d5 4. Nc3 c5 5. cxd5 Nxd5 6. e3 Nc6 7. Bd3 Be7 8. O-O
O-O 9. a3 cxd4 10. exd4 Bf6 11. Be4 Qd6 12. Qd3 h6 13. Rd1 b6 14. Qe2 Nxc3 15.
bxc3 Bb7 16. Bc2 Ne7 17. Nd2 Ng6 18. Ne4 Bxe4 19. Bxe4 Rac8 20. Qd3 Nf4 1/2-1/2

[Event "18th CRO-chT(b)"]
[Site "Sibenik CRO"]
[Date "2009.09.23"]
[Round "3.33"]
[White "Kovacevic, Aleksandar"]
[Black "Jakovljevic, Vlado"]
[Result "1-0"]
[WhiteElo "2562"]
[BlackElo "2416"]
[PlyCount "71"]
[EventDate "2009.09.21"]
[EventType "team"]
[EventRounds "9"]
[EventCountry "CRO"]

1. e4 e5 2. Nf3 Nf6 3. Nxe5 d6 4. Nf3 Nxe4 5. d4 d5 6. Bd3 Bd6 7. O-O O-O 8.
Re1 Bf5 9. c4 c6 10. Qb3 Qd7 11. Nc3 Nxc3 12. Bxf5 Qxf5 13. bxc3 b6 14. h3 dxc4
15. Qxc4 b5 16. Qb3 Nd7 17. Ba3 Qg6 18. Re3 Bxa3 19. Qxa3 Nb6 20. Ne5 Qe6 21.
Rae1 Qd5 22. Qa6 c5 23. dxc5 Qxc5 24. Rb1 Qc7 25. Qxb5 Rac8 26. Rd1 Rfe8 27.
Rde1 f6 28. Qb3+ Kf8 29. Nf3 Rxe3 30. Rxe3 Qc4 31. Qa3+ Qc5 32. Qa6 Nd5 33. Nd4
Kg8 34. Qe6+ Kf8 35. Qd7 Nf4 36. Nf5 1-0

[Event "18th CRO-chT(b)"]
[Site "Sibenik CRO"]
[Date "2009.09.23"]
[Round "3.34"]
[White "Jakic, Ivan"]
[Black "Njirjak, Josip"]
[Result "1/2-1/2"]
[WhiteElo "2406"]
[BlackElo "2381"]
[PlyCount "23"]
[EventDate "2009.09.21"]
[EventType "team"]
[EventRounds "9"]
[EventCountry "CRO"]

1. e4 c6 2. Nc3 d5 3. Qf3 dxe4 4. Nxe4 Nf6 5. Bc4 e6 6. Ne2 Nxe4 7. Qxe4 Nd7 8.
O-O Nf6 9. Qf3 Bd6 10. d4 Qc7 11. Bf4 O-O 12. Rfe1 1/2-1/2

[Event "18th CRO-chT(b)"]
[Site "Sibenik CRO"]
[Date "2009.09.23"]
[Round "3.36"]
[White "Zezelj, Vladislav"]
[Black "Vargic, Drago"]
[Result "1-0"]
[WhiteElo "2094"]
[BlackElo "2384"]
[PlyCount "109"]
[EventDate "2009.09.21"]
[EventType "team"]
[EventRounds "9"]
[EventCountry "CRO"]

1. d4 e6 2. c4 Nf6 3. Nc3 Bb4 4. Bg5 c5 5. Bxf6 Qxf6 6. e3 Nc6 7. Nf3 O-O 8.
Be2 b6 9. Rc1 cxd4 10. exd4 Bb7 11. O-O Qg6 12. a3 Bd6 13. d5 Ne5 14. Nxe5 Bxe5
15. Bf3 Rad8 16. Re1 Bf4 17. Rc2 Ba6 18. b3 Bd6 19. Qc1 f5 20. dxe6 dxe6 21.
Rxe6 Rf6 22. Rxf6 Qxf6 23. Nd5 Qf8 24. b4 Kh8 25. g3 Bb7 26. Qd1 f4 27. g4 a5
28. Rd2 axb4 29. Nxb4 Bxf3 30. Qxf3 Rc8 31. Rd4 h6 32. Kg2 Qf6 33. Re4 Rf8 34.
Nd5 Qd8 35. a4 Qb8 36. h4 Kg8 37. Ne7+ Kh7 38. Re6 Bxe7 39. Rxe7 Kh8 40. g5 Qd6
41. Re4 Kg8 42. Re1 Kh8 43. Qd5 f3+ 44. Kh3 Qb4 45. Qe5 hxg5 46. hxg5 Qxc4 47.
g6 Qc5 48. Kg3 Qxe5+ 49. Rxe5 Kg8 50. Re6 Rf6 51. Re8+ Rf8 52. Rxf8+ Kxf8 53.
Kxf3 Ke7 54. Ke4 Kf6 55. Kd5 1-0

[Event "18th CRO-chT(b)"]
[Site "Sibenik CRO"]
[Date "2009.09.23"]
[Round "3.41"]
[White "Starcevic, Andrea"]
[Black "Ragger, Markus"]
[Result "0-1"]
[WhiteElo "1713"]
[BlackElo "2561"]
[PlyCount "82"]
[EventDate "2009.09.21"]
[EventType "team"]
[EventRounds "9"]
[EventCountry "CRO"]

1. d4 e6 2. Nf3 Nf6 3. Bg5 c5 4. c3 Be7 5. e3 b6 6. Bd3 Bb7 7. Nbd2 cxd4 8.
cxd4 Nd5 9. Bxe7 Qxe7 10. a3 O-O 11. O-O f5 12. Re1 Nc6 13. Rc1 Rad8 14. Nf1
Ba8 15. Re2 Qf6 16. Bc4 Nde7 17. Rd2 Na5 18. Be2 Bd5 19. Rd3 Nc4 20. Rb3 Nd6
21. Rd3 Be4 22. Rd2 f4 23. Bd3 Nd5 24. Ne5 Qh6 25. Rdc2 fxe3 26. fxe3 Nxe3 27.
Nxe3 Qxe3+ 28. Kh1 Qxd4 29. Bxe4 Qxe5 30. Bf3 Nf5 31. Re2 Qf4 32. Qe1 Nd4 33.
Rf2 Qg5 34. Rc3 Rc8 35. Rxc8 Rxc8 36. Bd1 Rc1 37. Rf1 Nf5 38. Qb4 Qh5 39. Qd2
Ng3+ 40. Kg1 Qc5+ 41. Rf2 Ne4 0-1

[Event "18th CRO-chT(b)"]
[Site "Sibenik CRO"]
[Date "2009.09.23"]
[Round "3.43"]
[White "Jurkovic, Ante"]
[Black "Jusic, Zdenko"]
[Result "1/2-1/2"]
[WhiteElo "2336"]
[BlackElo "2371"]
[PlyCount "28"]
[EventDate "2009.09.21"]
[EventType "team"]
[EventRounds "9"]
[EventCountry "CRO"]

1. e4 e6 2. d4 d5 3. exd5 exd5 4. Nf3 Nf6 5. Bd3 c5 6. O-O c4 7. Be2 Bd6 8. Bg5
Be6 9. b3 cxb3 10. axb3 Nc6 11. c4 Bb4 12. Qd3 h6 13. Bxf6 Qxf6 14. Nc3 Bxc3
1/2-1/2

[Event "18th CRO-chT(b)"]
[Site "Sibenik CRO"]
[Date "2009.09.23"]
[Round "3.45"]
[White "Juranic, Bruno"]
[Black "Brnas, Augustin"]
[Result "1-0"]
[WhiteElo "2249"]
[BlackElo "2304"]
[PlyCount "59"]
[EventDate "2009.09.21"]
[EventType "team"]
[EventRounds "9"]
[EventCountry "CRO"]

1. e4 e5 2. Nf3 Nc6 3. Bc4 Nf6 4. d4 exd4 5. e5 d5 6. Bb5 Ne4 7. Nxd4 Bd7 8.
Bxc6 bxc6 9. O-O Be7 10. f3 Nc5 11. f4 O-O 12. f5 f6 13. e6 Be8 14. Qg4 h5 15.
Qh4 Ne4 16. Nc3 Ng5 17. Nce2 c5 18. Nf3 Kh7 19. Nf4 Rh8 20. Ng6 Nxf3+ 21. Rxf3
Bxg6 22. fxg6+ Kg8 23. Rf5 Qd6 24. Rxh5 Rxh5 25. Qxh5 Qxe6 26. Bd2 Bd6 27. Re1
Be5 28. Bf4 Re8 29. Bxe5 fxe5 30. Rf1 1-0

[Event "18th CRO-chT(b)"]
[Site "Sibenik CRO"]
[Date "2009.09.23"]
[Round "3.46"]
[White "Separovic, Tomislav"]
[Black "Brenc, Tomislav"]
[Result "1-0"]
[WhiteElo "2203"]
[BlackElo "2101"]
[PlyCount "74"]
[EventDate "2009.09.21"]
[EventType "team"]
[EventRounds "9"]
[EventCountry "CRO"]

1. d4 f5 2. Nf3 Nf6 3. g3 g6 4. Bg2 Bg7 5. O-O O-O 6. Nbd2 d6 7. Re1 Nc6 8. c3
Kh8 9. Qb3 e5 10. dxe5 dxe5 11. e4 f4 12. Nc4 Qe8 13. gxf4 Nh5 14. Ncxe5 Nxe5
15. Nxe5 Nxf4 16. Bxf4 Rxf4 17. Nd3 Rh4 18. Re3 g5 19. Qd5 Be6 20. Qxg5 Rg4 21.
Qc5 Rd8 22. Ne1 b6 23. Qxc7 Rd7 24. Qc6 Be5 25. Rd3 Rg6 26. Rxd7 Bxd7 27. Qd5
Rg5 28. Qd3 Rg7 29. Rd1 Qh5 30. Kf1 Bxh2 31. b3 Be5 32. Qe3 Qe8 33. Bh3 Bc8 34.
Bf5 Qf8 35. Ng2 Rc7 36. Qh3 Kg7 37. Qh4 Rxc3 1-0

[Event "18th CRO-chT(b)"]
[Site "Sibenik CRO"]
[Date "2009.09.23"]
[Round "3.51"]
[White "Dizdarevic, Emir"]
[Black "Sax, Gyula"]
[Result "1/2-1/2"]
[WhiteElo "2483"]
[BlackElo "2524"]
[PlyCount "28"]
[EventDate "2009.09.21"]
[EventType "team"]
[EventRounds "9"]
[EventCountry "CRO"]

1. Nf3 Nf6 2. g3 d5 3. Bg2 c6 4. O-O Bg4 5. d4 Nbd7 6. Nbd2 e6 7. Re1 Be7 8. e4
O-O 9. c3 Bh5 10. Qb3 Qc7 11. e5 Ne8 12. a4 Qb6 13. Qa2 a5 14. b3 Nc7 1/2-1/2

[Event "18th CRO-chT(b)"]
[Site "Sibenik CRO"]
[Date "2009.09.23"]
[Round "3.52"]
[White "Rogulj, Branko"]
[Black "Filipovic, Branko"]
[Result "1/2-1/2"]
[WhiteElo "2453"]
[BlackElo "2444"]
[PlyCount "138"]
[EventDate "2009.09.21"]
[EventType "team"]
[EventRounds "9"]
[EventCountry "CRO"]

1. e4 e6 2. d4 b6 3. Nc3 Bb7 4. a3 Nf6 5. Bd3 d5 6. e5 Nfd7 7. Qg4 Ba6 8. Bxa6
Nxa6 9. Nf3 h6 10. O-O c6 11. Ne2 Qe7 12. Be3 Nc7 13. Rfc1 O-O-O 14. c4 Kb7 15.
Nf4 Rc8 16. b3 g6 17. Ne1 g5 18. Nh5 f5 19. exf6 Nxf6 20. Nxf6 Qxf6 21. Nd3 Qf5
22. Qe2 Bg7 23. Ra2 Rhd8 24. Rac2 c5 25. g4 Qe4 26. f3 Qg6 27. Bf2 dxc4 28.
Rxc4 cxd4 29. Qc2 Qf7 30. Bg3 e5 31. Bxe5 Rd7 32. Qg2 Kb8 33. Nb4 Bxe5 34. Nc6+
Kb7 35. Nxe5 Qe6 36. Nxd7 Qxd7 37. Qd2 d3 38. R1c3 Qe7 39. Qxd3 Qxa3 40. Qe4+
Kb8 41. Qe5 Qa1+ 42. Kf2 Qb2+ 43. Kg3 Qa1 44. Qd4 Qe1+ 45. Qf2 Qe5+ 46. Kh3 h5
47. gxh5 Rh8 48. f4 gxf4 49. Qxf4 Qxf4 50. Rxf4 Nd5 51. Rcf3 Nxf4+ 52. Rxf4
Rxh5+ 53. Kg3 Rc5 54. Kf2 Re5 55. Rf3 Re4 56. Kg3 a5 57. h4 a4 58. bxa4 Rxa4
59. h5 Kc7 60. h6 Kd6 61. h7 Ra8 62. Kg4 Rh8 63. Rf7 b5 64. Kf5 b4 65. Kf6 Kc5
66. Kg7 Rxh7+ 67. Kxh7 b3 68. Kg6 Kc4 69. Kf5 b2 1/2-1/2

[Event "18th CRO-chT(b)"]
[Site "Sibenik CRO"]
[Date "2009.09.23"]
[Round "3.53"]
[White "Viskic, Pavisa"]
[Black "Rezan, Sasa"]
[Result "0-1"]
[WhiteElo "2220"]
[BlackElo "2431"]
[PlyCount "122"]
[EventDate "2009.09.21"]
[EventType "team"]
[EventRounds "9"]
[EventCountry "CRO"]

1. d4 Nf6 2. Nc3 d5 3. Bg5 Nbd7 4. Qd2 h6 5. Bf4 c6 6. f3 Nh5 7. e4 Nxf4 8.
Qxf4 e6 9. exd5 exd5 10. Bd3 Be7 11. Nge2 Bg5 12. Qd6 Be7 13. Qf4 O-O 14. O-O
Bg5 15. Qg3 Be3+ 16. Kh1 Qf6 17. Rad1 Kh8 18. Qc7 Bxd4 19. Nxd4 Qxd4 20. Rfe1
Qb6 21. Qd6 Qxb2 22. Ne2 Qf6 23. Qa3 Qd8 24. Ng3 Nf6 25. Re7 Ng8 26. Re2 Be6
27. Rde1 Re8 28. f4 Qf6 29. f5 Bd7 30. Rxe8 Rxe8 31. Rxe8 Bxe8 32. Qxa7 Qe7 33.
c4 Nf6 34. cxd5 cxd5 35. Qf2 Qa3 36. Qe2 Bc6 37. h3 Kh7 38. Kg1 Bb5 39. Bxb5
Qxg3 40. Bd3 Qf4 41. Qf2 Qc1+ 42. Kh2 Kg8 43. Qe2 Qf4+ 44. g3 Qd4 45. Kg2 h5
46. Kf3 Kf8 47. Qc2 Kg8 48. Qe2 h4 49. g4 Qg1 50. Qf2 Qh1+ 51. Qg2 Qe1 52. Qf2
Qc3 53. Qc2 Qe5 54. Qf2 d4 55. g5 Nd5 56. Kg4 Nb4 57. Bc4 d3 58. Kh5 b5 59.
Bxf7+ Kxf7 60. Qa7+ Kf8 61. Kg6 Qe8+ 0-1

[Event "18th CRO-chT(b)"]
[Site "Sibenik CRO"]
[Date "2009.09.23"]
[Round "3.54"]
[White "Sinanovic, Muhamed"]
[Black "Grgurevic, Boris"]
[Result "1/2-1/2"]
[WhiteElo "2386"]
[BlackElo "2228"]
[PlyCount "95"]
[EventDate "2009.09.21"]
[EventType "team"]
[EventRounds "9"]
[EventCountry "CRO"]

1. c4 b6 2. d4 Bb7 3. Nc3 e6 4. a3 Nf6 5. Bg5 Be7 6. Nf3 d5 7. e3 O-O 8. cxd5
Nxd5 9. Bxe7 Qxe7 10. Rc1 Rc8 11. Bd3 Nxc3 12. Rxc3 Nd7 13. Qc2 Nf6 14. b4 h6
15. e4 c6 16. O-O Nd7 17. Rc1 e5 18. Bc4 g6 19. Qd2 Kg7 20. dxe5 Nxe5 21. Nxe5
Qxe5 22. f4 Rd8 23. fxe5 Rxd2 24. Rf1 Rf8 25. Rcf3 Rd7 26. e6 Re7 27. Rxf7+
Rfxf7 28. Rxf7+ Rxf7 29. exf7 c5 30. e5 b5 31. Bxb5 cxb4 32. Bc4 bxa3 33. e6
Kf8 34. Kf2 Be4 35. Ba2 a5 36. Ke3 Bxg2 37. Kd4 Ke7 38. Ke5 Bh3 39. f8=Q+ Kxf8
40. Kf6 Bxe6 41. Bxe6 g5 42. Kg6 h5 43. Kxh5 Kg7 44. h3 Kh7 45. Kg4 Kg6 46. Ba2
Kh6 47. Kg3 Kg6 48. h4 1/2-1/2

[Event "18th CRO-chT(b)"]
[Site "Sibenik CRO"]
[Date "2009.09.23"]
[Round "3.55"]
[White "Vlaic, Branko"]
[Black "Paljusaj, Edmond"]
[Result "1-0"]
[WhiteElo "2277"]
[BlackElo "2288"]
[PlyCount "147"]
[EventDate "2009.09.21"]
[EventType "team"]
[EventRounds "9"]
[EventCountry "CRO"]

1. d4 d5 2. c4 c6 3. Nf3 Nf6 4. e3 a6 5. Nbd2 b5 6. c5 a5 7. a3 g6 8. Bd3 Bg7
9. O-O O-O 10. Ne5 Nfd7 11. f4 Nxe5 12. fxe5 f6 13. exf6 exf6 14. Re1 f5 15.
Nf3 Ra7 16. Bd2 Re7 17. Re2 Nd7 18. Qe1 a4 19. Qd1 Rfe8 20. Qc2 Qc7 21. Rae1 h5
22. b3 axb3 23. Qxb3 Nf6 24. a4 bxa4 25. Qxa4 Ne4 26. Ba5 Qd7 27. Qc2 Bf6 28.
Nd2 Bg5 29. Nf3 Bf6 30. Nd2 Kg7 31. Bb4 h4 32. Ra1 Ng5 33. Nf1 h3 34. Kh1 Qe6
35. Ra8 Qg8 36. gxh3 Qh8 37. Rg2 Qxh3 38. Rg3 Qh4 39. Qg2 Bd7 40. Ra7 Qh6 41.
Be1 Rh8 42. Ba5 Ne4 43. Rf3 Be8 44. Rxe7+ Bxe7 45. Rxf5 Bd7 46. Bxe4 dxe4 47.
Rf2 Bh4 48. Rb2 Rf8 49. Rb7 Rf7 50. Bc7 Kh7 51. Be5 Qf8 52. Bf4 Qa8 53. Rxd7
Rxd7 54. Qh3 Qd8 55. Bg5 Qxg5 56. Qxd7+ Kh6 57. Qh3 Kg7 58. Qg2 Qd5 59. Ng3
Bxg3 60. Qxg3 Qc4 61. Qe5+ Kh7 62. Qf4 Qe2 63. Kg1 Qe1+ 64. Kg2 Qe2+ 65. Kg3
Qe1+ 66. Kg4 Qg1+ 67. Kh4 Qe1+ 68. Kg5 Qg1+ 69. Kf6 Qg2 70. Qh4+ Kg8 71. Qg3
Qf1+ 72. Kxg6 Kf8 73. Qd6+ Ke8 74. Qe6+ 1-0

[Event "18th CRO-chT(b)"]
[Site "Sibenik CRO"]
[Date "2009.09.23"]
[Round "3.56"]
[White "Biliskov, Vjekoslav"]
[Black "Malenica, Mario"]
[Result "1/2-1/2"]
[WhiteElo "2281"]
[BlackElo "2223"]
[PlyCount "63"]
[EventDate "2009.09.21"]
[EventType "team"]
[EventRounds "9"]
[EventCountry "CRO"]

1. d4 Nf6 2. c4 g6 3. Nc3 Bg7 4. e4 d6 5. h3 O-O 6. Bg5 Nbd7 7. Nf3 e5 8. d5 a5
9. Nd2 h6 10. Be3 c6 11. Be2 Qe7 12. g4 Nh7 13. Qc2 Nc5 14. O-O-O Bd7 15. Kb1
Rfc8 16. h4 Na6 17. Nf1 Nb4 18. Qd2 Qf8 19. a3 cxd5 20. cxd5 Na6 21. h5 g5 22.
Ng3 Nc5 23. Ka2 b5 24. Bxb5 Bxg4 25. Rc1 Rab8 26. Bxc5 Rxc5 27. Bc6 Qd8 28. Na4
Rxc1 29. Rxc1 Nf6 30. b4 axb4 31. axb4 Nd7 32. b5 1/2-1/2

[Event "18th CRO-chT(b)"]
[Site "Sibenik CRO"]
[Date "2009.09.24"]
[Round "4.13"]
[White "Medak, Bojan"]
[Black "Rezan, Sasa"]
[Result "0-1"]
[WhiteElo "2359"]
[BlackElo "2431"]
[PlyCount "94"]
[EventDate "2009.09.21"]
[EventType "team"]
[EventRounds "9"]
[EventCountry "CRO"]

1. c4 Nf6 2. g3 g6 3. Bg2 Bg7 4. Nc3 O-O 5. e3 c6 6. Nge2 d5 7. cxd5 cxd5 8.
O-O e5 9. d4 e4 10. Qb3 Nc6 11. Nf4 Na5 12. Qc2 g5 13. Nfe2 Re8 14. Bd2 b6 15.
Nb5 Nc4 16. b3 Nxd2 17. Qxd2 a6 18. Nbc3 Bf8 19. Rac1 Bb4 20. Qb2 Qe7 21. Nb1
Bd7 22. Nec3 b5 23. f3 Bxc3 24. Nxc3 b4 25. Na4 Bxa4 26. bxa4 exf3 27. Rxf3 Ne4
28. Rcf1 Rf8 29. Rf5 Nc3 30. Re5 Qd6 31. Rxg5+ Kh8 32. Rgf5 f6 33. a5 Qe7 34.
Qf2 Rae8 35. Re1 Qe6 36. g4 Kg7 37. Qc2 Rc8 38. Qb3 h5 39. h3 hxg4 40. hxg4 Qd6
41. Qb2 Qg3 42. Qf2 Qxg4 43. Rf4 Qg5 44. Rf5 Ne2+ 45. Rxe2 Rc1+ 46. Kh2 Rh8+
47. Bh3 Rxh3+ 0-1

[Event "18th CRO-chT(b)"]
[Site "Sibenik CRO"]
[Date "2009.09.24"]
[Round "4.14"]
[White "Sinanovic, Muhamed"]
[Black "Tomerlin, Sinisa"]
[Result "1-0"]
[WhiteElo "2386"]
[BlackElo "2313"]
[PlyCount "59"]
[EventDate "2009.09.21"]
[EventType "team"]
[EventRounds "9"]
[EventCountry "CRO"]

1. c4 g6 2. g3 Bg7 3. Bg2 d6 4. Nc3 e5 5. e4 Nc6 6. Nge2 Be6 7. d3 Qd7 8. O-O
Bh3 9. f4 Bxg2 10. Kxg2 f5 11. Be3 Nf6 12. h3 O-O-O 13. Qa4 a6 14. b4 fxe4 15.
dxe4 exf4 16. Bxf4 Rde8 17. b5 Nb8 18. e5 Nh5 19. c5 Nxf4+ 20. gxf4 axb5 21.
Nxb5 Qc6+ 22. Rf3 Qa6 23. Na7+ Kd8 24. Qxa6 Nxa6 25. cxd6 cxd6 26. Rd1 Bxe5 27.
fxe5 Rxe5 28. Nc3 Nc7 29. Rxd6+ Ke7 30. Rb6 1-0

[Event "18th CRO-chT(b)"]
[Site "Sibenik CRO"]
[Date "2009.09.24"]
[Round "4.15"]
[White "Sasvari, Zelimir"]
[Black "Paljusaj, Edmond"]
[Result "1/2-1/2"]
[WhiteElo "2239"]
[BlackElo "2288"]
[PlyCount "109"]
[EventDate "2009.09.21"]
[EventType "team"]
[EventRounds "9"]
[EventCountry "CRO"]

1. c4 c5 2. Nc3 Nc6 3. g3 g6 4. Bg2 Bg7 5. a3 a5 6. d3 e5 7. e3 Nge7 8. Nge2
O-O 9. O-O d6 10. Bd2 Be6 11. Nd5 b5 12. b3 b4 13. Nxe7+ Nxe7 14. a4 Qd7 15.
Qc2 Bh3 16. Rad1 h5 17. Be1 Nc6 18. f3 Rae8 19. Bf2 Bxg2 20. Kxg2 f5 21. d4
cxd4 22. exd4 e4 23. fxe4 fxe4 24. Be3 Rf3 25. Qd2 h4 26. Ng1 Rf5 27. Rxf5 Qxf5
28. Rf1 Qh5 29. Qd1 hxg3 30. hxg3 Qxd1 31. Rxd1 d5 32. Ne2 Ne7 33. g4 Rc8 34.
Bg5 Kf7 35. Bxe7 Kxe7 36. c5 Bh6 37. Rh1 Be3 38. Rh3 Bg5 39. Rh7+ Ke6 40. Rg7
Be3 41. Rxg6+ Ke7 42. Rd6 Rf8 43. Ng3 Rf2+ 44. Kh1 Bf4 45. Nf5+ Kf8 46. c6 e3
47. Nxe3 Bxe3 48. Rxd5 Rc2 49. Rxa5 Rxc6 50. Rb5 Bd2 51. Kg2 Rc2 52. Kf3 Rb2
53. a5 Rxb3+ 54. Ke4 Ra3 55. Kd5 1/2-1/2

[Event "18th CRO-chT(b)"]
[Site "Sibenik CRO"]
[Date "2009.09.24"]
[Round "4.16"]
[White "Biliskov, Vjekoslav"]
[Black "Dulic, Grgur"]
[Result "1/2-1/2"]
[WhiteElo "2281"]
[BlackElo "2209"]
[PlyCount "88"]
[EventDate "2009.09.21"]
[EventType "team"]
[EventRounds "9"]
[EventCountry "CRO"]

1. Nf3 Nf6 2. c4 g6 3. Nc3 d5 4. cxd5 Nxd5 5. g3 Bg7 6. Bg2 Nb6 7. O-O Nc6 8.
d3 O-O 9. Be3 e5 10. Qd2 Re8 11. Bh6 Nd4 12. Bxg7 Kxg7 13. e3 Nxf3+ 14. Bxf3 c6
15. Ne4 Qe7 16. b4 Be6 17. Nc5 Bd5 18. e4 Be6 19. Qc3 f6 20. Bg2 Rad8 21. f4
Bc8 22. Rf2 Na8 23. Raf1 Rf8 24. fxe5 Qxe5 25. Qxe5 fxe5 26. Rxf8 Rxf8 27. Rxf8
Kxf8 28. Kf2 b6 29. Na4 Nc7 30. Nc3 Ba6 31. Ke3 Ne6 32. Ne2 Ke7 33. h4 c5 34.
bxc5 bxc5 35. Nc3 Kd6 36. Bf3 Nd4 37. Bd1 c4 38. dxc4 Bxc4 39. Kd2 Kc5 40. a3
Nb5 41. Nxb5 Bxb5 42. Kc3 h6 43. Bb3 Bc6 44. Bc2 Ba8 1/2-1/2

[Event "18th CRO-chT(b)"]
[Site "Sibenik CRO"]
[Date "2009.09.24"]
[Round "4.32"]
[White "Varga, Zoltan"]
[Black "Gagarin, Vasilij"]
[Result "1-0"]
[WhiteElo "2481"]
[BlackElo "2422"]
[PlyCount "57"]
[EventDate "2009.09.21"]
[EventType "team"]
[EventRounds "9"]
[EventCountry "CRO"]

1. e4 e5 2. Nf3 Nc6 3. Nc3 Nf6 4. Bb5 Bb4 5. O-O O-O 6. d3 Bxc3 7. bxc3 d6 8.
Bxc6 bxc6 9. h3 h6 10. Nh2 d5 11. f4 exf4 12. e5 Nh7 13. Bxf4 c5 14. Qd2 Ng5
15. h4 Ne6 16. Bg3 d4 17. c4 f5 18. exf6 Rxf6 19. Qe2 Rb8 20. Ng4 Rxf1+ 21.
Rxf1 Nf8 22. Ne5 Rb6 23. Nf7 Qd7 24. Qe5 Qg4 25. Kh2 Re6 26. Qxc7 Rg6 27. Rf3
Qd7 28. Qxc5 Rxg3 29. Rxg3 1-0

[Event "18th CRO-chT(b)"]
[Site "Sibenik CRO"]
[Date "2009.09.24"]
[Round "4.33"]
[White "Jakovljevic, Vlado"]
[Black "Jurkovic, Ante"]
[Result "1/2-1/2"]
[WhiteElo "2416"]
[BlackElo "2336"]
[PlyCount "51"]
[EventDate "2009.09.21"]
[EventType "team"]
[EventRounds "9"]
[EventCountry "CRO"]

1. Nf3 d6 2. d4 Bg4 3. e4 Nd7 4. Bc4 Ngf6 5. h3 Bxf3 6. Qxf3 e5 7. c3 g6 8. Bg5
Bg7 9. Nd2 O-O 10. O-O c6 11. Bb3 Qc7 12. dxe5 dxe5 13. Rfd1 b5 14. Nf1 a5 15.
a3 Nc5 16. Bc2 Nh5 17. Be3 Ne6 18. g3 a4 19. Bb1 Qe7 20. Ba2 Nf6 21. Rd2 Rad8
22. Rad1 Rd7 23. Rxd7 Nxd7 24. Kg2 h5 25. Qe2 Ndc5 26. Bxe6 1/2-1/2

[Event "18th CRO-chT(b)"]
[Site "Sibenik CRO"]
[Date "2009.09.24"]
[Round "4.35"]
[White "Bubicic, Josip"]
[Black "Juranic, Bruno"]
[Result "1-0"]
[WhiteElo "2090"]
[BlackElo "2249"]
[PlyCount "120"]
[EventDate "2009.09.21"]
[EventType "team"]
[EventRounds "9"]
[EventCountry "CRO"]

1. e4 c5 2. Nf3 a6 3. d3 Qc7 4. g3 g6 5. Bg2 Bg7 6. O-O e6 7. c3 Ne7 8. Re1
Nbc6 9. d4 cxd4 10. cxd4 d5 11. e5 O-O 12. b3 b5 13. Bf4 b4 14. Nbd2 Qb6 15.
Nf1 Nf5 16. Be3 Bd7 17. g4 Nfe7 18. Qd2 Kh8 19. Rad1 Ng8 20. g5 Nge7 21. Ng3
Nf5 22. Nxf5 exf5 23. h4 Rfc8 24. Bf4 Be6 25. Bf1 a5 26. Kg2 a4 27. Be2 axb3
28. axb3 Ra3 29. Rb1 Na5 30. Bd1 Rc3 31. Re3 Rc7 32. Ne1 Bf8 33. h5 Qa7 34. Rb2
Nc6 35. Rc2 Qb6 36. Rh3 Na7 37. Be2 Rxc2 38. Nxc2 Ra2 39. Qd1 Qc7 40. Bd3 Rb2
41. Qh1 Rxb3 42. Ne1 Ra3 43. Qf1 b3 44. Nf3 b2 45. Nh4 Kg8 46. Qh1 Ra1 47. Bb1
Bg7 48. Rb3 Qc4 49. Rb8+ Nc8 50. Nf3 Qe2 51. Rb3 Na7 52. Bd2 Nc6 53. Rxb2 Ra3
54. Nh2 f4 55. Qc1 Bh3+ 56. Kh1 Rg3 57. Bxf4 Bg2+ 58. Kg1 Nxd4 59. Bxg3 Nf3+
60. Kxg2 Ne1+ 1-0